000 00328nam a22001217a 4500
020 _a020173723x
082 _222
_a005.8
100 _aAllen, Julia H.
245 _aThe CERT guide to system and network security practices /
260 _aUSA,
_bAddison Werley,
_cc2001.
300 _axxiv, 447p. ;
_bill. ;
_c23 cm.
942 _2ddc
_cIT
999 _c1838
_d1838